[Event "Santa Rosa Villarreal Memorial 29th"]
[Site "Santa Rosa"]
[Date "2023.12.08"]
[Round "1"]
[White "Ramirez, Melanie"]
[Black "Mollo, Juan Pablo"]
[Result "0-1"]
[WhiteElo "1434"]
[BlackElo "1979"]
[PlyCount "64"]
[EventDate "2023.12.08"]
[EventType "swiss"]
[EventRounds "7"]
[EventCountry "ARG"]
[SourceTitle "CB51_2023"]
[SourceDate "2023.12.20"]
[SourceVersion "1"]
[SourceVersionDate "2023.12.20"]
[SourceQuality "1"]

1. d4 f5 2. Bf4 Nf6 3. Nf3 g6 4. e3 Bg7 5. c4 d6 6. Be2 0-0 7. 0-0 Ne4 8. Nbd2 Nxd2 9. Qxd2 Nc6 10. Qc3 Qe8 11. Rfe1 e5 12. Bg3 h6 13. h3 g5 14. Rad1 g4 15. hxg4 fxg4 16. Nh2 h5 17. d5 Ne7 18. e4 Ng6 19. f3 h4 20. Bxh4 Nxh4 21. fxg4 Bd7 22. Qh3 Qe7 23. Rf1 Rxf1+ 24. Rxf1 Rf8 25. g3 Rxf1+ 26. Nxf1 Ng6 27. Ne3 Qg5 28. Nf5 Bxf5 29. exf5 Qe3+ 30. Kf1 Nf4 31. Qh2 Qc1+ 32. Kf2 Nxe2 0-1

[Event "FISU World University"]
[Site "Tornelo INT"]
[Date "2020.10.26"]
[Round "2.23"]
[White "Azhar, Puteri Rifqah Fahad"]
[Black "Ramirez, Melanie"]
[Result "1-0"]
[WhiteElo "1939"]
[BlackElo "1522"]
[PlyCount "71"]
[EventDate "2020.10.26"]
[EventType "team-swiss (rapid)"]
[EventRounds "9"]
[EventCountry "NET"]
[SourceTitle "CBM 199 Extra"]
[Source "ChessBase"]
[SourceDate "2021.01.31"]
[SourceVersion "1"]
[SourceVersionDate "2021.01.31"]
[SourceQuality "1"]
[WhiteTeam "Malaysia II"]
[BlackTeam "Argentina"]
[WhiteTeamCountry "MAS"]
[BlackTeamCountry "ARG"]

1. d4 Nf6 2. Nf3 g6 3. Bf4 d6 4. e3 Bg7 5. c4 0-0 6. Nc3 Nbd7 7. Be2 c5 8. 0-0 Nh5 9. Bg3 Nxg3 10. hxg3 cxd4 11. exd4 b6 12. Qd2 e6 13. Rac1 Bb7 14. Rfd1 Nf6 15. Bd3 Rc8 16. Rc2 d5 17. cxd5 Nxd5 18. Nxd5 Rxc2 19. Qxc2 Bxd5 20. Be4 Bxe4 21. Qxe4 Qc8 22. b3 Rd8 23. Kh2 Qc7 24. Qe2 Qd6 25. Qd2 e5 26. dxe5 Qxd2 27. Rxd2 Rxd2 28. Nxd2 Bxe5 29. Kg1 f5 30. Kf1 b5 31. Ke2 Kf7 32. Nf3 Bf6 33. Kd3 Ke6 34. Ne1 Kd5 35. Nc2 a5 36. a3 1-0